[Event "Biel op"]
[Site "Biel"]
[Date "1989.??.??"]
[Round "3"]
[White "Vukic, Milan"]
[Black "Filipovic, Branko"]
[Result "1/2-1/2"]
[WhiteElo "2500"]
[BlackElo "2450"]

1.Nf3 g6 2.c4 Nf6 3.g3 Bg7 4.Bg2 O-O 5.O-O d6 6.d4 c5 7.Nc3 Nc6 8.d5 Na5
9.Nd2 a6 10.Qc2 Rb8 11.b3 b5 12.Rb1 e5 13.cxb5 axb5 14.b4 cxb4 15.Rxb4 Bd7
16.Qd3 Nb7 17.Qb1 Nc5 18.Nxb5 Bf5 19.e4 Nxd5 20.exf5 Nxb4 21.Qxb4 Nd3 22.Qc4 Nxc1
23.Rxc1 Qa5 24.Nc3 Rfc8 25.Nb3 Qa3 26.Qf1 d5 27.f6 Bh6 28.Rc2 Rxb3 29.axb3 Qxb3  1/2-1/2

[Event "Biel op"]
[Site "Biel"]
[Date "1989.??.??"]
[Round "7"]
[White "Gutman, Lev"]
[Black "Gallagher, Joseph G"]
[Result "1-0"]
[WhiteElo "2455"]
[BlackElo "2445"]

1.Nf3 Nf6 2.g3 g6 3.Bg2 Bg7 4.c4 O-O 5.d4 d6 6.O-O Nbd7 7.Nc3 e5 8.e4 exd4
9.Nxd4 Re8 10.h3 a6 11.Bg5 h6 12.Be3 Rb8 13.Qc1 Kh7 14.Rd1 c5 15.Nde2 b5
16.cxb5 axb5 17.a4 b4 18.Nb5 Nxe4 19.Bxe4 Rxe4 20.Nxd6 Qe7 21.Nf4 Bb7 22.Nxb7 Rxb7
23.a5 Bd4 24.Bxd4 Rxd4 25.Rxd4 cxd4 26.Qc6 Ne5 27.Qe4 f5 28.Qe2 Qd6 29.a6 Ra7
30.Ra5 Nf7 31.Qb5 Ng5 32.Qd5 Ne4 33.Qxd6 Nxd6 34.Nd3 b3 35.Nc5 Nc4 36.Rb5 d3
37.Rxb3 d2 38.Rd3 Rc7 39.b4 Re7 40.Kg2 Re1 41.a7 Ra1 42.Nb3 Rxa7 43.Nxd2 Na3
44.Nf3 Kg7 45.Nd4 Nc4 46.Rc3 Ne5 47.b5 Ra4 48.Rc7+ Kf6 49.Nf3 Nxf3 50.Kxf3 Rb4
51.Rc6+ Kg5 52.b6 Rb3+ 53.Ke2 f4 54.Kd2 fxg3 55.fxg3 Rxg3 56.Rc5+ Kf4 57.Rb5  1-0

[Event "Biel op"]
[Site "Biel"]
[Date "1989.??.??"]
[Round "10"]
[White "Dizdarevic, Emir"]
[Black "Gufeld, Eduard"]
[Result "1/2-1/2"]
[WhiteElo "2495"]
[BlackElo "2470"]

1.Nf3 Nf6 2.c4 g6 3.g3 Bg7 4.Bg2 O-O 5.d4 Nc6 6.O-O a6 7.d5 Na7 8.Nbd2 b5
9.a4 bxc4 10.Nxc4 Bb7 11.Nfe5 Rb8 12.e4 e6 13.Be3 Nc8 14.dxe6 fxe6 15.Bg5 d6
16.Ng4 Qe8 17.Bxf6 Bxf6 18.Nxf6+ Rxf6 19.Rc1 Rf7  1/2-1/2

[Event "Noviki-B"]
[Site "Budapest"]
[Date "1989.??.??"]
[Round "?"]
[White "Stangl, Markus"]
[Black "Orgovan, Sandor"]
[Result "1/2-1/2"]
[WhiteElo "2375"]
[BlackElo "2340"]

1.Nf3 Nf6 2.c4 g6 3.g3 Bg7 4.Bg2 O-O 5.O-O d5 6.cxd5 Nxd5 7.d4 Nb6 8.Nc3 Nc6
9.d5 Na5 10.e4 c6 11.Bg5 h6 12.Bf4 Nac4 13.b3 Nd6 14.Rc1 cxd5 15.exd5 Bg4
16.h3 Bxf3 17.Qxf3 Rc8 18.Ne4 Nb5 19.Nc5 Nd4 20.Qe4 Qxd5 21.Qxe7 Qf5 22.Nxb7 Rce8
23.Qa3 Ne2+ 24.Kh2 Nxf4 25.Nd6 Qg5 26.Nxe8 Rxe8 27.gxf4 Qxf4+ 28.Kg1 Re2
29.Qc5 Bd4 30.Qc6 Be5 31.Rfd1 Rxf2 32.Rc2 Rxc2 33.Qxc2 Bd4+ 34.Kh1 Be5 35.Kg1 Bd4+
36.Kh1 Be5 37.Be4 Nd7 38.Qg2 Nf6 39.Bf3 g5 40.Rf1 Kg7 41.Bd5 Qh4 42.Bxf7 Ne4
43.Bc4 Ng3+ 44.Kg1 Bd4+ 45.Kh2 Nxf1+ 46.Bxf1 Qf4+ 47.Kh1 h5 48.Be2 Kh6 49.Qc6+ Bf6
50.Qf3 Qxf3+  1/2-1/2

[Event "Spring op"]
[Site "Budapest"]
[Date "1989.??.??"]
[Round "?"]
[White "Pigusov, Evgeny"]
[Black "Petkevich, Jusefs"]
[Result "1-0"]
[WhiteElo "2525"]
[BlackElo "2440"]

1.Nf3 Nf6 2.c4 g6 3.g3 Bg7 4.Bg2 O-O 5.d4 d6 6.O-O Nc6 7.Nc3 Bf5 8.Ne1 Qc8
9.e4 Bh3 10.Nc2 a6 11.f3 Rb8 12.Be3 Bxg2 13.Kxg2 b5 14.cxb5 axb5 15.d5 b4
16.dxc6 bxc3 17.bxc3 Qa6 18.Nb4 Qa3 19.Qb3 Ra8 20.Rab1 e6 21.Bd4 Qa5 22.Qd1 Qa4
23.Rf2 Rfb8 24.Rb3 h5 25.Rfb2 d5 26.Qe2 Rd8 27.e5 Ne8 28.g4 Bf8 29.h3 Kg7
30.Qd3 Be7 31.Be3 Kh7 32.Bd4 Qa5 33.Re2 Bc5  1-0

[Event "Noviki-B"]
[Site "Budapest"]
[Date "1989.??.??"]
[Round "?"]
[White "Stangl, Markus"]
[Black "Rajna, George"]
[Result "1-0"]
[WhiteElo "2375"]
[BlackElo "2380"]

1.Nf3 Nf6 2.c4 g6 3.g3 Bg7 4.Bg2 O-O 5.O-O d6 6.Nc3 e5 7.d4 Nbd7 8.e4 c6
9.Rb1 Re8 10.h3 a6 11.Qc2 b5 12.Rd1 Bb7 13.dxe5 dxe5 14.b4 Qe7 15.c5 Red8
16.Bb2 Ne8 17.Rd3 Nf8 18.Rbd1 Rxd3 19.Qxd3 a5 20.a3 axb4 21.axb4 f6 22.Ne2 Bc8
23.Nc1 Ra4 24.Qc3 Be6 25.Nb3 Qc7 26.Na5 Nd7 27.Ne1 Bf8 28.Nd3 Nb8 29.Ba3 Qf7
30.Nb2 Rxa5 31.bxa5 Be7 32.Nd3 Nc7 33.Nb4 Qf8 34.Nd5 Bd8 35.Nb6 Nca6 36.Rd6 Qe8
37.f4 exf4 38.gxf4 Kf7 39.Bb2 Qe7 40.Qd4 Bc7 41.f5 Nxc5 42.Rxe6 Nxe6 43.fxe6+ Qxe6
44.Qf2 Kg7 45.Na8 Bd6 46.a6 Nxa6 47.Qa7+ Kh6 48.Qxa6 Bf4 49.Qa3 Qd7 50.Bxf6 Qd1+
51.Kf2 Qd2+ 52.Kf3 b4 53.Qb3 c5 54.Nb6 g5 55.h4 g4+ 56.Kxg4 Qxg2+ 57.Kxf4  1-0

[Event "Spring op"]
[Site "Budapest"]
[Date "1989.??.??"]
[Round "?"]
[White "Poor, Sandor"]
[Black "Douven, Rudy C"]
[Result "0-1"]
[WhiteElo "2285"]
[BlackElo "2445"]

1.Nf3 Nf6 2.c4 g6 3.g3 Bg7 4.Bg2 O-O 5.O-O d5 6.cxd5 Nxd5 7.d4 Nb6 8.Nc3 Nc6
9.d5 Na5 10.e4 c6 11.Bg5 h6 12.Bf4 cxd5 13.exd5 Nac4 14.Qb3 g5 15.Be3 Nxe3
16.fxe3 Bxc3 17.bxc3 Qxd5 18.Nd4 Qxb3 19.axb3 a6 20.c4 e6 21.Rfd1 Nd7 22.b4 Ne5
23.c5 Rb8 24.Nf3 Nc6 25.Rab1 e5 26.b5 axb5 27.Rxb5 Ra8 28.Nd2 Rd8 29.Rb2 Ra5
30.Rc1 f5 31.Bxc6 bxc6 32.Nf3 Re8 33.Rb8 Kf7 34.Rb6 Re7 35.Rb8 Ba6 36.Ra8 Ra2
37.Rd1 Bc4 38.Rxa2 Bxa2 39.Rd6 Bd5 40.Nd2 Kg7 41.Nb1 Rb7 42.Nc3 Bf3 43.Kf2 g4
44.Rd2 Rb3 45.Rc2 Rb4 46.h3 Rc4 47.hxg4 fxg4 48.Rc1 Rxc5 49.Ne2 Ra5 50.Rc2 Kg6  0-1

[Event "Buenos Aires BCA op"]
[Site "Buenos Aires"]
[Date "1989.??.??"]
[Round "5"]
[White "Fulgenzi, Ernesto"]
[Black "Llanos, Guillermo"]
[Result "0-1"]
[WhiteElo "2360"]
[BlackElo "2235"]

1.Nf3 Nf6 2.c4 g6 3.g3 Bg7 4.Bg2 O-O 5.O-O c6 6.Nc3 d6 7.d3 e5 8.Rb1 Re8
9.b4 d5 10.cxd5 cxd5 11.Bg5 h6 12.Bxf6 Bxf6 13.Nd2 e4 14.Rc1 exd3 15.exd3 Bxc3
16.Rxc3 Nc6 17.Rc5 Be6 18.b5 Qb6 19.Rxd5 Bxd5 20.Bxd5 Ne5 21.Qb3 Re7 22.Kg2 Qd4
23.Be4 Rd8 24.Qa3 Rc7 25.Nb3 Qb6 26.d4 Nc4 27.Qa4 Nd6 28.Bd3 Re8 29.Qb4 Nc8
30.a4 Qe6 31.Nd2 Qd6 32.Qb2 Qd5+ 33.Nf3 Nd6 34.b6 axb6 35.Qxb6 Rc3 36.Rd1 Rec8
37.h4 Rb3 38.Qa7 Rcc3 39.Qb8+ Kg7 40.Be2 Rxf3  0-1

[Event "Caorle op"]
[Site "Caorle"]
[Date "1989.??.??"]
[Round "3"]
[White "Hever, Miklos"]
[Black "Stevanovic, Goran"]
[Result "1-0"]
[WhiteElo "2295"]
[BlackElo "2200"]

1.Nf3 Nf6 2.c4 g6 3.g3 Bg7 4.Bg2 O-O 5.O-O d6 6.d4 c5 7.e3 Nc6 8.b3 Bg4 9.Bb2 Nd7
10.Qd2 Rb8 11.h3 Bxf3 12.Bxf3 Qc8 13.Bg2 a6 14.d5 Bxb2 15.Qxb2 Nb6 16.Qc3 Qc7  1-0

[Event "Caorle op"]
[Site "Caorle"]
[Date "1989.??.??"]
[Round "5"]
[White "Portenier, J."]
[Black "Cristiani, Cesare"]
[Result "1/2-1/2"]
[WhiteElo "2230"]
[BlackElo "1900"]

1.Nf3 Nf6 2.g3 g6 3.Bg2 Bg7 4.c4 O-O 5.Nc3 d6 6.O-O Nc6 7.d4 a6 8.Bg5 h6
9.Bd2 e5 10.dxe5 Nxe5 11.Qb3 Rb8 12.Nxe5 dxe5 13.Rad1 Qe7 14.Nd5 Nxd5 15.cxd5 Rd8
16.Bb4 Qf6 17.Rc1 Qb6 18.Qc3 e4 19.Qd2 Bf5 20.b3 Rd7 21.Ba5 Qd6 22.Rfd1 h5
23.Bb4 Qb6 24.Bc5 Qf6 25.Be3 Kh7 26.Qa5 g5 27.Qa4 Re8 28.Bxe4 Qg6  1/2-1/2

[Event "Cappelle op"]
[Site "Cappelle"]
[Date "1989.??.??"]
[Round "?"]
[White "Mackowiak, Marek"]
[Black "Tibensky, Robert"]
[Result "1/2-1/2"]
[WhiteElo "2240"]
[BlackElo "2395"]

1.c4 Nf6 2.g3 g6 3.Bg2 Bg7 4.Nf3 O-O 5.O-O d6 6.d4 Nc6 7.Nc3 a6 8.b3 Rb8
9.a4 Bf5 10.Nh4 Bd7 11.h3 Qc8 12.Kh2 Nxd4 13.Bb2 c5 14.f4 Nf5 15.Nxf5 Bxf5
16.g4 Bxg4 17.hxg4 Nxg4+ 18.Kh1 Ne3 19.Nd5 Bxb2 20.Nxe7+ Kg7 21.Nxc8 Nxd1
22.Raxd1 Rfxc8 23.Rxd6 Rc7 24.Bd5 f5 25.Re6 Bf6 26.Rd1 Rd8 27.Rd3 Be7 28.Kg2 Kf8
29.Rh3 Bd6 30.Kf3 a5 31.e4 fxe4+ 32.Kxe4 Kg7 33.f5 gxf5+ 34.Kxf5 b6 35.Rh4 Rf7+
36.Ke4 Bc7 37.Rg4+ Kh8 38.Ke3 Rdf8 39.Kd3 Bd8 40.Ke3 h5  1/2-1/2

[Event "Cheliabinsk"]
[Site "Cheliabinsk"]
[Date "1989.??.??"]
[Round "?"]
[White "Panchenko, Alexander N"]
[Black "Hoang Than Trang"]
[Result "1-0"]
[WhiteElo "2430"]
[BlackElo "2200"]

1.Nf3 Nf6 2.c4 g6 3.g3 Bg7 4.Bg2 O-O 5.O-O d6 6.d4 Nbd7 7.Nc3 e5 8.e3 c6
9.b3 Re8 10.Bb2 exd4 11.Nxd4 Nc5 12.Qc2 a5 13.Rad1 Qe7 14.e4 h5 15.h3 Nh7
16.f4 Bd7 17.Rfe1 Rad8 18.Nf3 Qf8 19.a3 Bc8 20.b4 axb4 21.axb4 Na6 22.Ba3 d5
23.exd5 Rxe1+ 24.Rxe1 Nxb4 25.Qb3 c5 26.Kh2 Nf6 27.Bxb4 cxb4 28.Na2 b5 29.Nxb4 Qc5
30.Ne5 h4 31.g4 bxc4 32.Qxc4 Qf2 33.Rf1 Qg3+ 34.Kh1 Bd7 35.Nxd7 Rxd7 36.g5 Ne8
37.Qe2 Nd6 38.Rf3 Nf5 39.Qe8+ Bf8 40.Rxg3 Nxg3+ 41.Kh2 Rc7 42.Qd8  1-0

[Event "Cheliabinsk"]
[Site "Cheliabinsk"]
[Date "1989.??.??"]
[Round "?"]
[White "Sherbakov, Ruslan"]
[Black "Ulibin, Mikhail"]
[Result "1/2-1/2"]
[WhiteElo "2360"]
[BlackElo "2495"]

1.Nf3 Nf6 2.g3 g6 3.c4 Bg7 4.Bg2 O-O 5.d4 c6 6.O-O Ne4 7.Be3 d5 8.Qc1 Re8
9.Nc3 Bf5 10.Rd1 Nd7 11.cxd5 cxd5 12.Nh4 Nxc3 13.Qxc3 Be6 14.Nf3 Bf5 15.Ne5 Nf6
16.Qa3  1/2-1/2

[Event "Dortmund op"]
[Site "Dortmund"]
[Date "1989.??.??"]
[Round "6"]
[White "Van der Sterren, Paul"]
[Black "Schmidt, Wlodzimierz"]
[Result "1/2-1/2"]
[WhiteElo "2500"]
[BlackElo "2460"]

1.Nf3 Nf6 2.c4 g6 3.g3 Bg7 4.Bg2 O-O 5.O-O d5 6.cxd5 Nxd5 7.d4 Nb6 8.Nc3 Nc6
9.e3 e5 10.d5 Ne7 11.e4 Bg4 12.h3 Bxf3 13.Qxf3 c6 14.Rd1 cxd5 15.Nxd5 Nbxd5
16.exd5 Qd6 17.Be3 Nf5 18.Rac1 Rfc8 19.Rxc8+ Rxc8 20.Bxa7  1/2-1/2

[Event "Dortmund op"]
[Site "Dortmund"]
[Date "1989.??.??"]
[Round "8"]
[White "Konopka, Michal"]
[Black "Schmidt, Wlodzimierz"]
[Result "1/2-1/2"]
[WhiteElo "2405"]
[BlackElo "2460"]

1.Nf3 Nf6 2.c4 g6 3.g3 Bg7 4.Bg2 O-O 5.O-O d5 6.cxd5 Nxd5 7.d4 Nb6 8.Nc3 Nc6
9.e3 e5 10.d5 Ne7 11.e4 Bg4 12.h3 Bxf3 13.Qxf3 c6 14.Rd1 cxd5 15.exd5 Nf5
16.d6 Nd4 17.Qxb7 Qxd6 18.Bg5 Qe6 19.Qe7 Rac8 20.Qxe6  1/2-1/2

[Event "Dortmund op"]
[Site "Dortmund"]
[Date "1989.??.??"]
[Round "10"]
[White "Busch, Raimund"]
[Black "Ilic, Dragan"]
[Result "0-1"]
[WhiteElo "2325"]
[BlackElo "2390"]

1.Nf3 Nf6 2.c4 g6 3.g3 Bg7 4.Bg2 O-O 5.O-O d6 6.d4 c5 7.Nc3 Nc6 8.dxc5 dxc5
9.Bf4 Nh5 10.Be3 Qa5 11.Nd2 Rd8 12.Nd5 Be6 13.Nb3 Qa4 14.Qc1 b6 15.Nc3 Bxc3
16.Qxc3 Rac8 17.Nd2 Ng7 18.f4 Nf5 19.Bf2 Qb4 20.Rfd1 Qxc3 21.bxc3 Na5 22.Bd5 Nd6
23.Bxe6 fxe6 24.Nf3 h6 25.Ne5 Kg7 26.Rd3 Naxc4 27.Nxc4 Nxc4 28.Rad1 Rxd3
29.exd3 Rd8 30.d4 Kf7 31.Re1 cxd4 32.Bxd4 Rd5 33.Re2 Nd6 34.Be5 Nc4 35.Bd4 g5
36.fxg5 hxg5 37.Kg2 e5 38.Bg1 Rd3 39.Rc2 Kg6 40.Kf2 Kf5 41.Ke2 e4 42.Bf2 g4
43.a4 Rd5 44.Be3 Ra5 45.Rc1 Rxa4 46.Rf1+ Ke6 47.Rf4 Ra2+ 48.Ke1 Kd5 49.Bg1 Ra1+
50.Kf2 e5 51.Rxg4 e3+ 52.Kg2 e2  0-1

[Event "FRA-ch"]
[Site "?"]
[Date "1989.??.??"]
[Round "?"]
[White "Nemirovski, Serge"]
[Black "Seret, Jean Luc"]
[Result "0-1"]
[WhiteElo "2365"]
[BlackElo "2380"]

1.Nf3 Nf6 2.c4 g6 3.g3 Bg7 4.Bg2 O-O 5.O-O c5 6.Nc3 d5 7.cxd5 Nxd5 8.Nxd5 Qxd5
9.d3 Nc6 10.a3 Rd8 11.Rb1 Bg4 12.Be3 c4 13.Qa4 b5 14.dxc4 Qxc4 15.Qa6 Bc8
16.Nd2 Bxa6 17.Nxc4 bxc4 18.Bxc6 Rab8 19.Bxa7 Rxb2 20.Rbd1 Rc8 21.Bd7 Rc7
22.Be3 c3 23.Bg4 h5 24.Bf3 Bxe2 25.Bxe2 Rxe2 26.Rd8+ Kh7 27.a4 c2 28.Bc1 Ra7
29.Kg2 Rxa4 30.Rc8 Ra2 31.Kf3 Re5 32.Be3 Rf5+ 33.Ke4 Bh6 34.Bxh6 Kxh6 35.Ke3 Kg5
36.h4+ Kg4 37.Rc1 Kh3 38.R1xc2 Rxc2 39.Rxc2 Kg2 40.Re2 Rf3+  0-1

[Event "FRA-ch"]
[Site "?"]
[Date "1989.??.??"]
[Round "?"]
[White "Adrian, Claude"]
[Black "Bernard, Christophe"]
[Result "0-1"]
[WhiteElo "2250"]
[BlackElo "2340"]

1.Nf3 Nf6 2.c4 g6 3.g3 Bg7 4.Bg2 O-O 5.d4 d6 6.O-O c6 7.Nc3 a6 8.h3 b5 9.c5 a5
10.Bf4 Na6 11.Rc1 Bb7 12.cxd6 exd6 13.Ng5 Nc7 14.a4 b4 15.Nce4 Nfe8 16.Nd2 h6
17.Ngf3 Nd5 18.Nc4 Nxf4 19.gxf4 Nf6 20.e3 Ba6 21.Qb3 d5 22.Nce5 Bxf1 23.Kxf1 Rc8
24.Nxc6 Qd6 25.Nfe5 Rc7 26.Rc5 Rfc8 27.Qc2 Qe6 28.Nxa5 Rxc5 29.dxc5 Qa6+
30.Qd3 Qxa5 31.Bxd5 Nxd5 32.Qxd5 Bxe5  0-1

[Event "FRA-ch"]
[Site "?"]
[Date "1989.??.??"]
[Round "?"]
[White "Miralles, Gilles"]
[Black "Bernard, Christophe"]
[Result "1/2-1/2"]
[WhiteElo "2445"]
[BlackElo "2340"]

1.Nf3 Nf6 2.c4 g6 3.g3 Bg7 4.Bg2 O-O 5.Nc3 d6 6.O-O e5 7.d3 Nc6 8.Rb1 a5
9.a3 h6 10.b4 axb4 11.axb4 Be6 12.b5 Ne7 13.Bb2 Qc8 14.Ra1  1/2-1/2

[Event "FRA-chT"]
[Site "?"]
[Date "1989.??.??"]
[Round "?"]
[White "Miralles, Gilles"]
[Black "Macles, Jacques"]
[Result "1-0"]
[WhiteElo "2400"]
[BlackElo "2360"]

1.Nf3 Nf6 2.c4 g6 3.g3 Bg7 4.Bg2 O-O 5.O-O c5 6.Nc3 Nc6 7.d4 cxd4 8.Nxd4 Nxd4
9.Qxd4 d6 10.Bd2 Be6 11.Qd3 Qd7 12.Rad1 Rac8 13.b3 Bh3 14.e4 Bxg2 15.Kxg2 Rfd8
16.h3 b6 17.Rfe1 Qb7 18.Kh2 Nd7 19.Nd5 Ne5 20.Qe2 e6 21.Nf4 a6 22.a4 Nc6
23.Be3 Rb8 24.Rc1 Nd4 25.Bxd4 Bxd4 26.Red1 Bg7 27.b4 Bh6 28.Rc2 b5 29.cxb5 axb5
30.a5 Bxf4 31.gxf4 Qe7 32.Qe3 d5 33.Rc5 dxe4 34.Rxd8+ Qxd8 35.Qxe4 Qd2 36.Kg2 Qd7
37.Qc6 Qd3 38.a6  1-0

[Event "Frunze"]
[Site "Frunze"]
[Date "1989.??.??"]
[Round "?"]
[White "Moldobaev, Emil"]
[Black "Teske, Henrik"]
[Result "1/2-1/2"]
[WhiteElo "2360"]
[BlackElo "2390"]

1.Nf3 Nf6 2.c4 g6 3.g3 Bg7 4.Bg2 O-O 5.O-O d5 6.cxd5 Nxd5 7.Nc3 Nb6 8.d3 Nc6
9.Be3 e5 10.Qc1 Re8 11.Bh6 Bh8 12.Re1 Ne7 13.Ne4 Be6 14.Nc5 Bd5 15.e4 Bc6
16.Qc3 Qd6 17.Rac1 Nf5 18.exf5 e4 19.Nxe4 Rxe4 20.Qd2 Rxe1+ 21.Rxe1 Rd8 22.fxg6 hxg6
23.d4 Qd5 24.b3 Qf5 25.Qg5 Qxg5 26.Bxg5 f6 27.Be3 Nd5 28.Bd2 Kf7 29.Rc1 Bg7
30.Ne1 Bf8 31.Nc2 Ne7 32.Be3 Bxg2 33.Kxg2 Nd5 34.Kf3 Rd6 35.Bd2 Ne7 36.Bf4 Rd7
37.Ne1 c6 38.Be3 Nf5 39.Ke4 Re7+ 40.Kd3 Nxe3 41.fxe3 Rxe3+ 42.Kxe3 Bh6+ 43.Ke4 Bxc1
44.Nd3 Bh6  1/2-1/2

[Event "Geneve YM"]
[Site "Geneve"]
[Date "1989.??.??"]
[Round "?"]
[White "Toshkov, Tihomir"]
[Black "Chabanon, Jean Luc"]
[Result "1-0"]
[WhiteElo "2450"]
[BlackElo "2250"]

1.Nf3 Nf6 2.c4 g6 3.g3 Bg7 4.Bg2 O-O 5.d4 d5 6.cxd5 Nxd5 7.O-O Nb6 8.Nc3 Nc6
9.e3 e5 10.d5 Na5 11.e4 c6 12.Bg5 f6 13.Be3 cxd5 14.exd5 Nac4 15.Bc5 Rf7
16.b3 Rc7 17.Bb4 e4 18.Nxe4 Bf5 19.Nd4 a5 20.Nxf5 gxf5 21.Nc5 Qc8 22.Ne6 Nb2
23.Qd4 axb4 24.Nxc7 Qxc7 25.d6 Qd8 26.Qxb2 Qxd6 27.Bxb7 Ra7 28.Bg2 f4 29.Rad1 Qe5
30.Qd4 Qxd4 31.Rxd4 fxg3 32.Rxb4 gxf2+ 33.Rxf2 Nd7 34.Rb7 Rxb7 35.Bxb7 Nc5
36.Bd5+ Kf8 37.Rc2 f5 38.Kh1 Bd4 39.b4 Na4 40.Rc7 Nc3 41.Rf7+  1-0

[Event "BL2-SW8889"]
[Site "Germany"]
[Date "1989.??.??"]
[Round "?"]
[White "Trauth, Michael"]
[Black "Kratochwil, Christian"]
[Result "0-1"]
[WhiteElo "2275"]
[BlackElo "2310"]

1.Nf3 Nf6 2.c4 g6 3.g3 Bg7 4.Bg2 O-O 5.Nc3 d5 6.cxd5 Nxd5 7.O-O Nc6 8.Nxd5 Qxd5
9.d3 Qb5 10.Rb1 a5 11.Qa4 Qf5 12.Bd2 e5 13.Bc3 Qh5 14.Qb3 Ra6 15.Rfe1 Rb6
16.Qc2 Bh3 17.Bh1 Bg4 18.Nd2 g5 19.Nc4 Nb4 20.Bxb4 Rh6 21.h4 gxh4 22.Bg2 hxg3
23.fxg3 Qh2+ 24.Kf2 Rf6+ 25.Ke3 Bh6+ 26.Ke4 Qxg2+ 27.Kxe5 Re6+ 28.Kd4 Bg7+
29.Kc5  0-1

[Event "BL2-SW8889"]
[Site "Germany"]
[Date "1989.??.??"]
[Round "?"]
[White "Trauth, Michael"]
[Black "Heidl, Guenther"]
[Result "0-1"]
[WhiteElo "2275"]
[BlackElo "2220"]

1.Nf3 Nf6 2.c4 g6 3.g3 Bg7 4.Bg2 O-O 5.Nc3 d5 6.cxd5 Nxd5 7.O-O c5 8.d3 Nxc3
9.bxc3 Nc6 10.Rb1 Qa5 11.a4 c4 12.Rb5 Qa6 13.d4 Bd7 14.Rb1 Rfd8 15.Qc2 Na5
16.Nd2 e5 17.d5 Nb3 18.Nxc4 Nxc1 19.Rb4 Rac8 20.d6 Rxc4 21.Bxb7 Rxc3 22.Qxc3 Nxe2+
23.Kg2 Qxb7+ 24.Rxb7 Nxc3 25.Rxa7 Bxa4 26.Rc1 e4 27.Rxc3 Bxc3 28.Rxa4 f5  0-1

[Event "BL2-SW8889"]
[Site "Germany"]
[Date "1989.??.??"]
[Round "?"]
[White "Schulze, Ulrich"]
[Black "Kabisch, Thilo"]
[Result "1/2-1/2"]
[WhiteElo "2345"]
[BlackElo "2285"]

1.Nf3 Nf6 2.g3 g6 3.Bg2 Bg7 4.c4 O-O 5.O-O d6 6.d4 Nc6 7.Nc3 a6 8.h3 Rb8
9.e4 b5 10.e5 dxe5 11.dxe5 Qxd1 12.Rxd1 Nd7 13.cxb5 axb5 14.Be3 Nb6 15.Bxb6 cxb6
16.Nd5 Be6 17.Ng5 Bxd5 18.Rxd5 e6 19.Rd3 Nxe5 20.Rb3 Nc4 21.Rxb5 Nxb2 22.Rb1 Na4
23.R1b4 Nc3 24.Rxb6 Rxb6 25.Rxb6 Nxa2 26.Ne4 Rd8 27.Bf3 h6 28.Kg2 Rd7 29.h4 Bd4
30.Rd6 Rxd6 31.Nxd6 Nc1 32.Be4 Kg7 33.Bc2 Na2 34.f4 Nb4 35.Be4 Be3 36.Nc4 Bc1
37.Kf3 f5 38.Bb1 g5 39.hxg5 hxg5 40.fxg5 Bxg5 41.Nd6 Kf6 42.g4 fxg4+ 43.Kxg4 Bh6
44.Ne4+  1/2-1/2

[Event "BL2-SW8889"]
[Site "Germany"]
[Date "1989.??.??"]
[Round "?"]
[White "Schulze, Ulrich"]
[Black "Gutman, Lev"]
[Result "0-1"]
[WhiteElo "2345"]
[BlackElo "2535"]

1.Nf3 Nf6 2.g3 g6 3.Bg2 Bg7 4.c4 O-O 5.d4 d5 6.cxd5 Nxd5 7.O-O c6 8.e4 Nc7
9.Nc3 Nd7 10.Bf4 Ne8 11.Qb3 Nb6 12.Rad1 Be6 13.d5 cxd5 14.Ng5 Bg4 15.f3 Bd7
16.Nxd5 Ba4 17.Qa3 Bxd1 18.Rxd1 Nxd5 19.Rxd5 Qb6+ 20.Be3 Bxb2 21.Qd3 Qb4
22.Bf1 Nc7 23.Rd7 Rac8 24.Bd2 Qa3 25.Qxa3 Bxa3 26.Bf4 Ne8 27.Rxb7 Bc5+ 28.Kh1 a6
29.Nh3 g5 30.Bb8 a5 31.a4 Nd6 32.Bxd6 Bxd6 33.Rb2 Rc1 34.Kg2 Rfc8 35.Bd3 R8c3
36.Nf2 Bc5 37.Bb1 Bxf2 38.Kxf2 Rc4  0-1

[Event "BL2-SW8889"]
[Site "Germany"]
[Date "1989.??.??"]
[Round "?"]
[White "Raupp, Thomas"]
[Black "Kabisch, Thilo"]
[Result "1/2-1/2"]
[WhiteElo "2345"]
[BlackElo "2285"]

1.Nf3 Nf6 2.c4 g6 3.g3 Bg7 4.Bg2 O-O 5.O-O d6 6.d4 Nc6 7.Nc3 a6 8.d5 Na5
9.Nd2 c5 10.Qc2 Rb8 11.b3 b5 12.Bb2 e6 13.Rab1 Re8 14.e4 bxc4 15.bxc4 exd5
16.cxd5 Bd7 17.Rfe1 Qc7 18.h3 Rb6 19.Kh2 Reb8 20.Ba1 Rb4 21.a3 Rxb1 22.Ncxb1 Ng4+
23.hxg4 Bxa1 24.g5 Bd4 25.f4 Rb2 26.Qc1 Ba4 27.Rf1 Bc2 28.Qe1 Qb6 29.e5 Qd8
30.e6 Qe7 31.Nf3 Bxb1 32.Qxa5 Be4 33.Re1 Bxf3 34.exf7+ Qxf7 35.Qd8+ Kg7 36.Re7 Rxg2+
37.Kh3 Re2 38.Rxf7+ Kxf7 39.Qxd6 Bg2+ 40.Kg4 Re7 41.Qd8 Be4 42.Kh4 Rb7 43.d6 Bf5
44.Qa8 Rd7 45.g4 Be6 46.Qxa6 Bd5 47.Qc8  1/2-1/2

[Event "BL2-SW8889"]
[Site "Germany"]
[Date "1989.??.??"]
[Round "?"]
[White "Mandel, Andreas"]
[Black "Kabisch, Thilo"]
[Result "1/2-1/2"]
[WhiteElo "2325"]
[BlackElo "2285"]

1.Nf3 Nf6 2.c4 g6 3.g3 Bg7 4.Bg2 O-O 5.O-O d6 6.d4 Nc6 7.Nc3 a6 8.h3 Rb8
9.e4 b5 10.e5 dxe5 11.dxe5 Qxd1 12.Rxd1 Nd7 13.cxb5 axb5 14.Be3 Nb6 15.Nxb5 Nc4
16.Nbd4 N6xe5 17.Nxe5 Nxe5 18.Rac1 Rxb2 19.Rxc7 Rxa2 20.f4 Ra3 21.Nc2 Rd3
22.Rxd3 Nxd3 23.Rxe7 Bf6 24.Rc7 Bf5 25.Nd4 Bc8 26.Kh2 Re8 27.Nc2 Be6 28.Bd4 Be7
29.Bc6 Bd6 30.Bxe8 Bxc7 31.Bb5 Nc1 32.Bb2 Na2 33.Nd4 Bd5 34.Bc6 Bc4 35.Be4 h5
36.h4 Nb4 37.Bc3 Na6 38.Nc2 Nc5 39.Bg2 Be2 40.Ne3 Nd3 41.Nd5 Bd8 42.Kg1 Kf8
43.Bd4 Ba5 44.Nc3 Bg4 45.Be4 Nc1 46.Bc5+ Kg8 47.Nd5 Be1 48.Nf6+ Kg7 49.Nxg4 hxg4
50.Kg2 f5 51.Bc6 Ne2 52.Bf2 Bd2 53.Bb5 Nxf4+ 54.gxf4 Bxf4 55.Bg3 Bc1 56.Bd7 Kh6
57.Be6 Kh5 58.Bf7 f4 59.Bxf4 Bxf4 60.Be6 Bd6 61.Bd7  1/2-1/2

[Event "BL2-SW8889"]
[Site "Germany"]
[Date "1989.??.??"]
[Round "?"]
[White "Mandel, Andreas"]
[Black "Arnold, Lothar"]
[Result "1-0"]
[WhiteElo "2325"]
[BlackElo "2275"]

1.Nf3 Nf6 2.c4 g6 3.g3 Bg7 4.Bg2 O-O 5.O-O d6 6.d4 Nbd7 7.Nc3 e5 8.e4 c6
9.h3 a5 10.Be3 a4 11.Qc2 Qa5 12.Rab1 exd4 13.Nxd4 Re8 14.Rfd1 Bf8 15.b4 axb3
16.axb3 h6 17.f4 Qc7 18.Bf2 Kh7 19.Rd2 Re7 20.Rbd1 Bg7 21.g4 Ne8 22.Bh4 Bf6
23.Bg3 Nc5 24.Kh2 Qb6 25.Rb1 Ra3 26.Bf2 Qc7 27.Ndb5 cxb5 28.Nxb5 Qa5 29.b4 Qxb5
30.cxb5 Rc3 31.bxc5 Rxc2 32.Rxc2 dxc5 33.Rxc5 Be6 34.Rd1 Bb3 35.Rd8 Nc7 36.e5 Bg7
37.Rd3 Ba4 38.b6 Ne6 39.Ra3 Be8 40.Kg3 Nxc5 41.Bxc5 Rd7 42.Bd6 f6 43.Ra7 fxe5
44.fxe5 Bxe5+ 45.Bxe5 Rd3+ 46.Kh2  1-0

[Event "BL2-SW8889"]
[Site "Germany"]
[Date "1989.??.??"]
[Round "?"]
[White "Brueckner, Thomas"]
[Black "Mandel, Andreas"]
[Result "1-0"]
[WhiteElo "2410"]
[BlackElo "2325"]

1.Nf3 Nf6 2.c4 g6 3.g3 Bg7 4.Bg2 O-O 5.O-O d6 6.d4 Nbd7 7.Qc2 e5 8.Rd1 Qe7
9.Nc3 c6 10.b3 Re8 11.e4 exd4 12.Nxd4 Nc5 13.f3 a5 14.Be3 h5 15.Re1 h4 16.g4 Nh7
17.h3 Ng5 18.f4 Nge6 19.Nde2 g5 20.f5 Nd8 21.Nd4 Be5 22.Nf3 f6 23.Nxe5 Qxe5
24.a3 Nf7 25.Rad1 Qe7 26.b4 axb4 27.axb4 Nd7 28.Na4 Rd8 29.c5 dxc5 30.bxc5 Re8
31.Bf2 Kg7 32.Nb2 Nde5 33.Nc4 Nxc4 34.Qxc4 Rd8 35.Bd4 Bd7 36.Qc3 Be8 37.e5 Nxe5
38.Rxe5 fxe5 39.Bxe5+ Kg8 40.Re1 Bf7 41.Bd6 Qd7 42.Qf6 Re8 43.Qxg5+ Kh7 44.Qxh4+ Kg8
45.Qg5+ Kh7 46.Be5 Rxe5 47.Rxe5 Qd4+ 48.Qe3 Qd1+ 49.Kh2 Ra2 50.f6 Qc2 51.Rh5+ Kg8
52.Rg5+ Kh8 53.Qg3 Qf2 54.Qb8+ Kh7 55.Rg7+  1-0

[Event "Groningen op"]
[Site "Groningen"]
[Date "1989.??.??"]
[Round "2"]
[White "Velikov, Petar"]
[Black "Los, Sander"]
[Result "1-0"]
[WhiteElo "2465"]
[BlackElo "2320"]

1.Nf3 Nf6 2.c4 g6 3.g3 Bg7 4.Bg2 O-O 5.d4 d6 6.O-O Nc6 7.Nc3 a6 8.b3 Rb8
9.e3 b5 10.Qe2 bxc4 11.bxc4 Na5 12.Ba3 Bf5 13.Rac1 Ne4 14.Nd5 c6 15.Nf4 d5
16.cxd5 cxd5 17.Ne5 Bxe5 18.dxe5 Nc4 19.g4 Bxg4 20.Qxg4 Nxa3 21.Rfd1 Rc8
22.Rxc8 Qxc8 23.Qxc8 Rxc8 24.Nxd5 Nc3 25.Nxe7+ Kf8 26.Nxc8 Nxd1 27.Bd5 Nc3
28.Bb3 Nab1 29.Nd6 Nd2 30.Bxf7 Nf3+ 31.Kg2 Nxe5 32.Bb3 Ke7 33.Nb7 Nd3 34.a3 Kd7
35.Bc4 Ne1+ 36.Kg3 Nc2 37.a4 Kc6 38.Nd8+ Kb6 39.Bg8 h6 40.Bb3 Na1 41.Bf7 Nxa4
42.Bxg6 Nc3 43.Ne6 Nb3 44.Bc2 Na1 45.Bd3 Nb3 46.f4 a5 47.f5 Nc5 48.Bc4 Nxe6
49.Bxe6 Kc5 50.Kf4 Kd6 51.Bc4 a4 52.e4 a3 53.e5+ Kc5 54.Bb3 Kb4 55.Ba2 Nxa2
56.f6 Nc3 57.f7 a2 58.f8=Q+ Kb3 59.Qb8+ Ka3 60.Qa7+ Kb2 61.Qb6+ Ka3 62.Qa5+ Kb2
63.Qb4+ Kc2 64.Qa3  1-0

[Event "EU-chT"]
[Site "Haifa"]
[Date "1989.??.??"]
[Round "2"]
[White "Skalkotas, Nikolaos"]
[Black "Barlov, Dragan"]
[Result "0-1"]
[WhiteElo "2340"]
[BlackElo "2520"]

1.Nf3 Nf6 2.c4 g6 3.g3 Bg7 4.Bg2 O-O 5.O-O c6 6.d4 d6 7.b3 Qa5 8.Bb2 Qh5
9.Re1 Bh3 10.e4 Ng4 11.e5 dxe5 12.dxe5 Na6 13.Qe2 Rad8 14.Nc3 Nc5 15.Rad1 Rxd1
16.Qxd1 Bxg2 17.Kxg2 Qf5 18.Na4 Nd3 19.Re2 Nxb2 20.Nxb2 Nxe5 21.Nxe5 Bxe5
22.Qd3 Qf6 23.Nd1 Bd4 24.Ne3 Rd8 25.c5 e6 26.Rd2 Qg5 27.b4 Bf6 28.Qc2 Bg7
29.Rd6 Bf8 30.Rd3 h5 31.h4 Qf6 32.Qd1 Rxd3 33.Qxd3 a5 34.a3 axb4 35.axb4 Qb2
36.Qe4 Bg7 37.g4 hxg4 38.Qxg4 Qd4 39.Qxd4 Bxd4 40.Nc4 Bc3 41.Na5 Kf8 42.Nxb7 Ke7
43.b5 cxb5 44.c6 b4 45.f4 Be1 46.Kh3 Bf2 47.Na5 Kd6  0-1